000 00440nam a2200169Ia 4500
005 20250603144820.0
008 250603s9999 xx 000 0 und d
050 _aHF 5415.7 .G34/
100 _aGbede, Omotayo G.
245 0 _aDistribution and logistics management
260 _aIkeja, Lagos, Nigeria
260 _bWestbourne Business School
260 _c2021
300 _a226 p
650 _aIkeja, Lagos, Nigeria
942 _cBK
999 _c40031
_d40031